000 01210 aa a2200301 4500
999 _c28003
_d28003
005 20181124144115.0
010 _aHIN-87135 G-002719, B-198038
020 _c200.00
020 _c250.00
_a8190218042
035 _aHN-59481
035 _aB-198026 ,B-198038, B-198039
035 _aB-198023
035 _aB-198045
035 _aG-002719
037 _bDBAD / PUB
082 _a615.535
100 _aबनर्जी, कमल
245 _aप्राकृतिक चिकित्सा एवं स्वास्थ्य /
_cकमल बनर्जी
246 _aPraakritika chiktsaa evam sawaasthya
_bby Kamal Benarjee
260 _aदिल्ली
_bखुराना पब्लिशिंग हाउस
_c2005 2007
270 _a94, मानक विहार
_bदिल्ली
_e110092
300 _a216पृ.
_c22 सेमी (सजिल्द)
500 _aसामान ISBN 8190218042 'खजाने की खोज'
650 _aप्राकृतिक चिकित्सा
650 _aNaturopathy
942 _adpl
_cHN
_2ddc
_mबनर्जी
_h615.535